MDQL
is popping MORE tags! Check the
thread
!
Quizzes
Events
Quiz Creation
Community
Videos
Private Events
Remove Ads
Sign In
Join for FREE
Feedback
Dark Mode
Quiz Categories
Sports
Geography
Music
Movies
Television
Just For Fun
Miscellaneous
History
Literature
Language
Science
Gaming
Entertainment
Religion
Holiday
For Kids
Quiz Lab
Recent
Popular Today
Quiz Kudos Today
Editor Picks
Curator Picks
Quizzes by...
Day
Popularity
Type
Ratings
Length
Year
Community
Subscriptions
Recent Discussions
Orange Saloon
Badges
Playlists
Quests
Create
Leaderboards
Showdown
Live 5
Trivia Bingo
Activity
Puzzle Library
Sporcle Events
Private Events
Virtual Trivia
Globe League
Become a Host
Pub Owners
SporcleCon
Opinionation
Our Games
Videos
Blog
Mobile Apps
Partnerships
Remove Ads and Go Orange
Feedback
Just For Fun
Clickable
Get the Picture
Humor
Quick Pick
Word Ladder
Missing Word
Mixed Word
Blitz
Minefield
This or That
Alphabet
Color
Typing
Sporcle
Puzzle
Word Play
Follow That Line
Logic
Just For Fun
Clickable
Get the Picture
Humor
Quick Pick
Word Ladder
Missing Word
Mixed Word
Blitz
Minefield
This or That
Alphabet
Color
Typing
Sporcle
Puzzle
Word Play
Follow That Line
Logic
Random Quiz
Search Sporcle
×
Quiz Lab
Quiz Lab
Just For Fun
Sporcle
Type in answers that appear in a list
Type in answers that appear in a list
Classic
Best Score? Go Orange.
Unscramble Sporcle Stats
Can you name the all the 4, 5 or 6-letter words in SPORCLE?
By
axon
6m
78 Questions
163 Plays
163 Plays
163 Plays
Comments
Comments
Give Quiz Kudos
Give Quiz Kudos
-
- Ratings
hide this ad
Replay
Link that replays current quiz
Next Quiz
Link to next quiz in quiz playlist
You Got
0%
They Got
Avg Score
33%
Avg Friend Score
Upgrade to see
Score Distribution
Jump to the score distribution portion of the page
Score
0/78
Timer
06:00
0
Plays Today
% Correct
pore
87.7%
rope
76.7%
spore
76.1%
pores
73.6%
ropes
72.4%
role
67.5%
core
67.5%
sore
66.9%
lore
66.3%
pole
63.8%
roles
62%
cores
61.3%
poles
59.5%
crop
58.3%
lores
57.1%
crops
57.1%
clop
55.8%
rose
54%
sole
53.4%
clops
52.1%
lope
50.3%
cops
49.1%
score
49.1%
lose
47.2%
pose
46%
slop
45.4%
cole
44.8%
close
44.8%
lopes
44.8%
cope
43.6%
corps
42.9%
copes
39.3%
coles
39.3%
corpse
38%
lops
36.8%
pros
34.4%
slope
34.4%
loser
33.1%
closer
33.1%
% Correct
ores
32.5%
scope
31.3%
poser
31.3%
scop
29.4%
prose
29.4%
reps
27.6%
roes
21.5%
eros
20.9%
sloe
20.2%
poler
20.2%
coper
19.6%
oles
19%
loper
19%
sloper
17.8%
copers
16%
polers
15.3%
lopers
14.7%
prole
14.1%
rocs
11.7%
copse
10.4%
proles
10.4%
orcs
9.8%
recs
9.8%
cols
8.6%
opes
8.6%
corse
8%
pols
6.7%
peso
4.9%
sorel
3.1%
splore
1.8%
orle
1.2%
epos
1.2%
cero
0.6%
ceros
0.6%
orles
0.6%
ceorl
0%
socle
0%
ceorls
0%
cresol
0%
Quiz Playlist
Details
Report
Send in Message
Add To Playlist
Classic:
Type in answers that appear in a list
Quiz Source
Last Updated: Feb 16, 2017
Quiz Scoreboard
CHALLENGE
Sign Up to Join the Scoreboard
Show All
Scores
Hide
Comments
May contain spoilers
Recently Published
Image Sorting: Flags VI
by Barbecue
Geography
2m
Find the 'City' Movie
by crazypaving
Movies
60s
Colored Red Africa Blitz
by spor1
Geography
45s
More to Explore
Quiz From the Vault
Featured Blog Post
14 Easter Pick-up Lines to Find Eggs With
hide this ad
You Might Also Like...
Tags
Mixed Word Quiz
Sporcle Quiz
6-letter
Today's Top Quizzes in Just For Fun
Browse Just For Fun
hide this ad
Today's Top Quizzes in Sporcle
Browse Sporcle
Top Contributed Quizzes in Just For Fun
1
Name Just One - 10 to 1: Just For Fun
2
Missing Word: 2-Letter A-Z II
3
Avatar the Last Airbender: Logic Puzzle
4
Missing Letter Whitney Houston Songs
5
It's Magic / Witchcraft 🎩🪄🧙♀️
6
Survivor Winners Logic Puzzle
7
Missing Word: 'Of' Things A-Z
8
Killer Double Trees 224 - Colour Match-Up
9
Click the Differences: Playground
10
Missing Word: 'Of' Things A-Z II
Explore More
Trending Topics
Kpop
NBA
Harry Potter
Marvel
Anime
Disney
Crossword
The Office
Puzzle
Country
Pokémon
Soccer
WWE
Song
NFL
hide this ad
More By:
axon
Quiz
Plays
Rating
Category
Featured
Created
Britney Spears Google Spelling Correction
8,421
3.44
Just For Fun
Dec 28, 2009
Names of Integer Sequences
271
4.45
Science
Dec 27, 2009
Unscramble Sporcle
163
4.00
Just For Fun
Dec 27, 2009
Decipher Challenge
116
4.00
Just For Fun
Dec 28, 2009
Go to Creator's Profile
Score Distribution
Quiz Creator Spotlight
axon
Follow
Send a Message
Quizzes Created
-
Created Quiz Play Count
-
More By This Creator
Popular Quizzes Today
1
Colored Red Africa Blitz
2
Find the US States - No Outlines Minefield
3
Find the 'City' Movie
4
5x2 Blitz: Bands
5
The Countries of the World
6
Find the US States
7
Find the Countries of Europe - No Outlines Minefield
8
US States
More Just For Fun Quizzes
Word Ladder: Versatile Vegetable
Published
Trending Quizzes
Colored Red Europe Blitz I
Colored Red Europe Blitz II
Colored Red Africa Blitz II
Colored Red Europe Blitz III
Colored Red Africa Blitz III
Recently Updated
How Do You Spell That?
pecheneg
Godzilla Movies
pecheneg
Grab Bag: 4-10 Letters
pecheneg
2024 March Madness Bracket
pecheneg
Famous TV Couples
Peacemaker
Champions League XIs: Real Madrid
pecheneg
Largest US Cities 1790-2010
pecheneg
Rides in Walt Disney World
pecheneg
Most Oscar Losses (Acting)
pecheneg
Beyoncé Albums
pecheneg
Trending Topics
Crossword
Harry Potter
Disney
NBA
Marvel
Kpop
Anime
Country
Song
The Office
Soccer
NFL
Pokémon
WWE
Puzzle
Your Account Isn't Verified!
In order to create a playlist on Sporcle, you need to verify the email address you used during registration. Go to your
Sporcle Settings
to finish the process.
Report this User
Report this user for behavior that violates our
Community Guidelines
.
Details:
Send Report
Go to the Sporcle.com Mobile Site →
Comments